000 00494pab a2200193 454500
008 180718b2006 xxu||||| |||| 00| 0 eng d
100 _aNepram Damodar
245 _aContaining civil service wage bill
260 _c2006
300 _ap.51-57.
362 _aJul-Dec
650 _aWages - India
650 _aCivil service - India
650 _aCivil service - Salaries, etc
650 _aCivil service
773 _aPolitical Economy Journal of India
908 _aN
909 _a73516
999 _c73516
_d73516